000 00308nam a22001457a 4500
008 210609b ||||| |||| 00| 0 eng d
020 _a0895772205
041 _aeng
080 _a611
082 _a611
100 _a5
101 _aANA
245 _aABC's of the Human Body
_cDigest,R
942 _2udc
_cBK
999 _c58089
_d58089